[Event "Muenster Bezirksliga 0607"]
[Site "Germany"]
[Date "2006.09.16"]
[Round "1.23"]
[White "Wenning, Andre"]
[Black "Jurkait, Karl Heinz"]
[Result "0-1"]
[WhiteElo "1549"]
[BlackElo "1570"]
[PlyCount "98"]
[EventDate "2006.09.16"]
[EventType "team"]
[EventRounds "9"]
[EventCountry "GER"]
[SourceTitle "EXT 2008"]
[Source "ChessBase"]
[SourceDate "2007.11.25"]
[SourceVersion "1"]
[SourceVersionDate "2007.11.25"]
[SourceQuality "1"]
[WhiteTeam "Hiltrup"]
[BlackTeam "Muenster SF"]
[WhiteTeamCountry "GER"]
[BlackTeamCountry "GER"]

1. d4 Nf6 2. Nf3 g6 3. c4 c5 4. d5 b5 5. Nc3 d6 6. Nxb5 Ba6 7. Qa4 Bxb5 8. Qxb5+ Nbd7 9. e3 Bg7 10. Be2 0-0 11. 0-0 Qc7 12. Qb3 Rfb8 13. Qc2 Ng4 14. Rb1 a5 15. a4 Nge5 16. Ng5 Nf6 17. f4 Ned7 18. e4 h6 19. Nf3 Re8 20. Bd3 Nf8 21. e5 dxe5 22. Nxe5 N6d7 23. Nf3 Qd6 24. Bd2 Ra7 25. Rbe1 Rb7 26. Re2 Rxb2 27. Qc1 Reb8 28. f5 g5 29. Rfe1 Re8 30. Bxa5 Rxe2 31. Rxe2 Ne5 32. Nxe5 Bxe5 33. f6 exf6 34. Qa3 Rb8 35. Be1 Nd7 36. a5 Qa6 37. Qa4 Bd6 38. Kf2 Ne5 39. Bd2 Kg7 40. Kf1 Rb7 41. Qc2 Bc7 42. Re3 Bxa5 43. Qa4 Ra7 44. Be1 Bb4 45. Qc2 Qa1 46. Qd1 Ra2 47. Rxe5 Qxe5 48. Qh5 Kf8 49. Qxh6+ Ke8 0-1